Histoire Contemporaine (1900 - 1950) - Statistiques

Statistiques générales
  • Ce quiz a été pris 117 fois
  • Le résultat moyen est 7 sur 48
Statistiques - réponses
Hint Réponse % Correct
Alliance de la Russie, France et Grande Bretagne au début de la 1re Guerre Mondiale Triple entente
72%
Pays annexé par l'Autriche-Hongrie en 1908 (et qui conduit à l'essor des tensions) Bosnie-Herzégovine
56%
Ministre de la propagande nazie Joseph Goebbels
38%
Annexion de l'Autriche en mars 1938 Anschluss
35%
Seul pays d'Amérique latine à prendre part au conflit le 26 octobre 1917 contre la triple alliance Brésil
35%
Forme d'organisation scientifique de travail qu'Henry Ford applique pour le travail à la chaîne Taylorisme
27%
Navire sombrant le 7 mai 1915 Lusitania
26%
Il appelle à l'Union Sacrée en France Poincaré
26%
Figure féminine emblématique de ce mouvement révolutionnaire Rosa Luxemburg
26%
Nom des accords du 30 septembre 1938 où la France et le Royaume-Uni livrent la Tchécoslovaquie à Hitler Accords de Munich
20%
Famine ukrainienne qui fait près de 5M de morts Holodomor
20%
Bataille au cours de laquelle le gaz est utilisé pour la première fois Ypres
20%
Obtient le prix Nobel de la paix en 1918 Woodrow Wilson
17%
Date de la IIème Internationale 1889
16%
Pays duquel proviennent 90 000 prisonniers de guerre réquisitionnés par l'Allemagne pour travailler dans les usines Belgique
16%
Offensive militaire française menée par Nivel qui s'avère être un échec conduisant à de nombreuses mutineries Chemin des Dames
16%
Nom de l'organisation secrète armée bosniaque dont fait partie l'assassin de l'archiduc François Ferdinand Main noire
15%
Ligue politique marxiste à l'origine de la création du Parti Communiste d'Allemagne (KPD) Spartakiste
15%
Fonde une dictature temporaire dans la ville de Fiume en 1919 (et dont l'échec encourage Mussolini) Gabriel d'Annunzio
14%
Journal victime de la censure de l'Etat Français dès 1915 Canard enchaîné
14%
Police politique russe qui combat les ennemis du nouveau régime bolchevik Tcheka
14%
Traité qui met fin à la guerre entre le gouvernement russe (des bolchéviques) et l'Allemagne/Autriche-Hongrie signé en mars 1918 Brest-Litovsk
12%
Texte sur les tranchées publiées en 1916 par Henri Barbusse Le Feu
12%
Nom de l'internationale communiste née de la scission de l'internationale ouvrière crée en 1919 sous l'impulsion de Lénine Komintern
11%
Dirige la République d'Hongrie pendant 133 jours après la démission de Karolyi Bela Kun
10%
Traité signé le 10 septembre 1919 qui acte la création de la Yougoslavie et le démantèlement de l'Autriche-Hongrie (entre autres) Traité de Saint Germain
10%
Intellectuel russe slavophile du XIXème représentant l'essor du nationalisme dans le pays Dostoïevski
9%
Mobilisation sociale et industrielle visant à subvenir aux besoins militaires d'un Etat en temps de conflit Effort de guerre
9%
Services secrets de la police politique de l'Italie Fasciste OVRA
9%
Auteur pacifiste a écrit Les Croix de bois en 1919 Roland Dorgelès
9%
Evènement qui participe de l'entrée en guerre des Etats-Unis Télégramme Zimmermann
7%
Date de la marche sur Rome 27 octobre 1922
5%
Nombre de munitionnettes recensées en France en 1918 430 000
5%
Concept théorisé par Falkenhayn qui consiste à user l'adversaire jusqu'à l'épuisement Guerre d'attrition
5%
Journal dans lequel le Parti Fasciste Italien (PFI) publie son programme après sa fondation le 9 novembre 1921 Il popolo d'Italia
5%
Ministre des colonies sous le gouvernement Laval Paul Reynaud
5%
Au nom de quoi les soldats français commettent-t-ils des mutineries après la bataille de la Somme ? Refus de la mort inutile
5%
Il proclame la république de Weimar le 9 novembre 1918 Scheidemann
5%
Le Premier Ministre britannique au début de la 1re guerre mondiale Asquith
4%
Ecrivaine française catho tradi antisémite qui critique la femme émancipée au lendemain de la 1ère guerre mondiale dans Le Jardin du féminisme Colette Yver
4%
Loi qui instaure la conscription en 1916 en Grande-Bretagne Military Service Act
4%
Préside l'union fédérale des associations françaises d'anciens combattants René Cassin
4%
Historien défendant la thèse selon laquelle les soldats français ont tenu bon en raison de l'engagement patriotique, des liens avec l'arrière via le courrier, du "lien psychologique avec la petite nation" Stéphane Audoin-Rouzeau
4%
Historienne française théorisant l'émancipation sans suite des années 20 pour la femme Françoise Thébaud
2%
Premier grand procès spectacle truqué (depuis 1922) tenu en 1928 Procès de Chakhty
1%
Politique sociale paternaliste des employeurs qui augmentent par ex les salaires des employés (pour éviter les grèves entre autres) Welfare Capitalism
1%
Nom des forces paramilitaires qui luttent contre les mouvements sociaux en Italie, puis deviennent les bras armés du PFI Squadrisme
0%
Organisation française féministe fondée en 1909 Union Française pour le Suffrage des Femmes
0%
Aucun quiz correspondant
Distribution des résultats
% des personnes avec chaque résultat
Percentile par nombre de réponses
Votre historique - résultats
Vous n’avez pas pris ce quiz